Statistics for Largest Cities in Waukesha County, Wisconsin

Click here to take the quiz!

General Stats

  • This quiz has been taken 41 times
  • The average score is 15 of 25

Answer Stats

PopulationCity% Correct
70,718Waukesha
97%
24,135Muskego
84%
39,584New Berlin
84%
37,920Brookfield
81%
15,759Oconomowoc
81%
35,626Menomonee Falls
75%
7,355Mukwonago
75%
13,195Pewaukee
75%
2,549Wales
72%
9,110Hartland
69%
10,518Sussex
69%
2,302Dousman
59%
1,290Big Bend
56%
3,346Merton
56%
2,141North Prairie
56%
1,950Eagle
53%
1,841Butler
50%
7,085Delafield
47%
590Chenequa
44%
5,934Elm Grove
41%
595Oconomowoc Lake
38%
1,395Nashotah
34%
1,107Lannon
31%
290Lac La Belle
22%
4,676Summit
22%

Score Distribution

Percentile by Number Answered

Percent of People with Each Score

Your Score History

You have not taken this quiz